Biocombustibles en Argentina (Registro nro. 31386)

Detalles MARC
000 -LEADER
fixed length control field 00325 a2200109 4500
001 - CONTROL NUMBER
control field ART_29702
005 - DATE AND TIME OF LATEST TRANSACTION
control field 20260410162002.0
008 - FIXED-LENGTH DATA ELEMENTS--GENERAL INFORMATION
fixed length control field 260409a
100 1# - MAIN ENTRY--PERSONAL NAME
Personal name Saidón, Mariana
245 10 - TITLE STATEMENT
Title Biocombustibles en Argentina
773 0# - HOST ITEM ENTRY
Title Cuadernos de Investigación del CEINLADI
Related parts - Nº 2 (dic. 2008)
Record control number REV29630

No hay ítems disponibles.